00643nam a2200229Ia 4500008004100000020001800041050001600059100002000075245002000095245003500115245002300150260001300173260001600186260000900202300001600211300002000227300001000247300002200257500000900279999001900288952010600307170918s9999 xx 000 0 und d a9780531228227 bW636ju 2009 aRinaldo, Denise aJulius Caesar : bdictator for life, imperious / cby Denise Rinaldo. aCanada : bScholastic, c2009 a128 pages : billustrations ; c18cm. eA wicked history. a1030 c343638d343638 001040aSSISMbSSISMd2017-09-18l0oFIC W636ju 2009pSSISM2710r2017-09-18 00:00:00w2017-09-18yBK